[Event "interzonal"]
[Site "Biel SUI"]
[Date "1993.??.??"]
[Round "4"]
[White "Seirawan, Yasser"]
[Black "Illescas Cordoba, Miguel"]
[Result "1/2-1/2"]
[WhiteElo "2575"]
[BlackElo "2625"]
[EventDate "1993.07.15"]
[PlyCount "97"]

1.d4 d5 2.c4 c6 3.Nc3 Nf6 4.cxd5 cxd5 5.Bf4 Nc6 6.e3 a6 7.Bd3 Bg4 8.Nge2 
e6 9.Qb3 Bxe2 10.Bxe2 Na5 11.Qa4+ Nc6 12.O-O Bd6 13.Bg3 Bxg3 14.hxg3 O-O 
15.Rfc1 Qd6 16.Qd1 Rfc8 17.Na4 Nd7 18.Nc5 Nxc5 19.Rxc5 Ne7 20.Rac1 Rxc5 
21.Rxc5 Rc8 22.Qa4 Rc6 23.b4 g6 24.g4 h6 25.g3 Kf8 26.Kg2 Qc7 27.a3 Rxc5 
28.bxc5 Nc6 29.Qb3 Ke7 30.Bf3 Kd8 31.Qb1 Qe7 32.Qh1 Qf8 33.Qh4+ g5 34.Qh1 
Kc8 35.Qb1 Qd8 36.Qh7 Qf8 37.Bd1 Ne7 38.f4 Nc6 39.Be2 Nb8 40.Kf2 Nd7 41.
Qb1 Nf6 42.Kg2 Qe8 43.Qb4 Qc6 44.a4 Nd7 45.Kh3 Qc7 46.Bf3 a5 47.Qb2 Nf6 
48.Qb5 Kd8 49.Kg2 1/2-1/2

[Event "interzonal"]
[Site "Biel SUI"]
[Date "1993.??.??"]
[Round "4"]
[White "Hjartarson, Johann"]
[Black "Pigusov, Evgeny"]
[Result "0-1"]
[WhiteElo "2605"]
[BlackElo "2585"]
[EventDate "1993.07.15"]
[PlyCount "134"]

1.d4 Nf6 2.c4 e6 3.Nc3 Bb4 4.e3 c5 5.Bd3 Nc6 6.Ne2 cxd4 7.exd4 d5 8.cxd5 
Nxd5 9.O-O O-O 10.Bc2 Re8 11.Qd3 g6 12.Rd1 Bf8 13.Qf3 Bg7 14.Be3 Nce7 15.
Bg5 Qb6 16.Na4 Qd8 17.Nac3 Qb6 18.Bb3 Bd7 19.h4 Bc6 20.Qh3 h6 21.Bxe7 Nxe7
22.Rd3 Rad8 23.Rad1 Rd6 24.h5 g5 25.R3d2 Red8 26.Qd3 Bxd4 27.Nxd4 Rxd4 28.
Qxd4 Rxd4 29.Rxd4 Nf5 30.Rd8+ Kg7 31.Ne2 Nh4 32.R8d6 Nxg2 33.Rxc6 Qxc6 34.
Nd4 Qe4 35.f3 Qh4 36.Kxg2 Qxh5 37.Rh1 Qg6 38.Ne2 h5 39.Ng3 h4 40.Ne4 Qf5 
41.Bd1 Qf4 42.b3 f5 43.Nf2 b5 44.a4 b4 45.Be2 Qe5 46.Bc4 Qg3+ 47.Kf1 Qxf3 
48.Rh3 Qf4 49.Bxe6 g4 50.Rxh4 Qc1+ 51.Ke2 Qc2+ 52.Kf1 Qc1+ 53.Ke2 Qb2+ 54.
Kf1 Qf6 55.Bxf5 Qxh4 56.Bxg4 Kf6 57.Be2 Ke5 58.Bc4 Kd4 59.Nd1 Qh2 60.Ke1 
a5 61.Nf2 Qg3 62.Ke2 Qe3+ 63.Kf1 Qd2 64.Kg1 Qc2 65.Kf1 Ke3 66.Ng4+ Kf3 67.
Ne5+ Kf4 0-1

[Event "interzonal"]
[Site "Biel SUI"]
[Date "1993.??.??"]
[Round "5"]
[White "Kamsky, Gata"]
[Black "Gelfand, Boris"]
[Result "1/2-1/2"]
[WhiteElo "2645"]
[BlackElo "2670"]
[EventDate "1993.07.15"]
[PlyCount "78"]

1.e4 c5 2.Nf3 d6 3.d4 cxd4 4.Qxd4 a6 5.c4 Nf6 6.Nc3 e6 7.Be3 Nbd7 8.Be2 
Qc7 9.O-O b6 10.b4 Be7 11.Rfd1 O-O 12.Rac1 Bb7 13.Nd2 Rac8 14.Nb3 Qb8 15.
f3 d5 16.cxd5 exd5 17.Nxd5 Nxd5 18.Rxc8 Rxc8 19.exd5 Bd6 20.f4 Rc2 21.Bg4 
Nf6 22.Bf3 Rxa2 23.Qxb6 Nd7 24.Qa7 Qxa7 25.Bxa7 Bxb4 26.Nd4 Bc3 27.Rd3 
Ra1+ 28.Kf2 Bb4 29.Nc6 a5 30.Re3 Nf6 31.Rb3 Ra2+ 32.Kg3 Ra3 33.Rxa3 Bxa3 
34.Bd4 a4 35.Bxf6 gxf6 36.Bd1 Ba6 37.Bxa4 Bc4 38.Nd4 Bxd5 39.Bb3 Bb2 
1/2-1/2

[Event "interzonal"]
[Site "Biel SUI"]
[Date "1993.??.??"]
[Round "5"]
[White "Ftacnik, Lubomir"]
[Black "Malisauskas, Vidmantas"]
[Result "1/2-1/2"]
[WhiteElo "2535"]
[BlackElo "2540"]
[EventDate "1993.07.15"]
[PlyCount "122"]

1.d4 Nf6 2.Nf3 g6 3.c4 Bg7 4.Nc3 d5 5.Bf4 O-O 6.Rc1 dxc4 7.e4 c5 8.dxc5 
Na6 9.Qxd8 Rxd8 10.e5 Ne8 11.Be3 Be6 12.Ng5 Nec7 13.f4 Bh6 14.Nxe6 Nxe6 
15.g3 Naxc5 16.Bxc4 a6 17.b4 Nd3+ 18.Bxd3 Rxd3 19.Ke2 Rad8 20.Rc2 f6 21.
exf6 exf6 22.Rb1 f5 23.Na4 Ra3 24.Nc5 Re8 25.Nxe6 Rxe6 26.Rb3 Rxb3 27.axb3
Bf8 28.Rc8 Kf7 29.Rb8 b5 30.Rb7+ Kg8 31.Rb8 Kg7 32.Rb7+ Kh6 33.g4 Bxb4 34.
g5+ Kh5 35.Kf3 Re7 36.Rb8 Rc7 37.Rd8 a5 38.Rb8 Bc5 39.Rxb5 Bxe3 40.Kxe3 
Kg4 41.Rxa5 Rc3+ 42.Kf2 Rxb3 43.Ra7 Rb2+ 44.Kg1 Kf3 45.Ra3+ Kxf4 46.Ra7 
Kf3 47.Ra3+ Ke2 48.Kg2 Rd2 49.Rb3 Rd3 50.Rb7 f4 51.Rf7 Rf3 52.Rxh7 Rf2+ 
53.Kh3 Rf1 54.Re7+ Kf2 55.Re6 f3 56.Rxg6 Rg1 57.Kh4 Kg2 58.Rf6 f2 59.g6 
f1=Q 60.Rxf1 Kxf1 61.Kh5 Kg2 1/2-1/2

[Event "interzonal"]
[Site "Biel SUI"]
[Date "1993.??.??"]
[Round "6"]
[White "Portisch, Lajos"]
[Black "Kamsky, Gata"]
[Result "1/2-1/2"]
[WhiteElo "2585"]
[BlackElo "2645"]
[EventDate "1993.07.15"]
[PlyCount "97"]

1.d4 d5 2.c4 e6 3.Nf3 c6 4.Qc2 Nf6 5.g3 Nbd7 6.Bg2 Be7 7.O-O O-O 8.Rd1 a5 
9.Bf4 Nh5 10.Bd2 Nhf6 11.b3 b5 12.Be1 Ba6 13.Nbd2 bxc4 14.bxc4 Rc8 15.Nb3 
Bb4 16.c5 Rb8 17.Bxb4 Rxb4 18.Rdb1 Qc7 19.e3 Rfb8 20.a3 R4b7 21.Nbd2 e5 
22.dxe5 Nxe5 23.Nxe5 Qxe5 24.Nf3 Qc7 25.Rxb7 Qxb7 26.Nd2 Qa7 27.Bh3 h6 28.
Rc1 Be2 29.Qc3 Rb5 30.f3 Qe7 31.Kf2 Bc4 32.Qd4 a4 33.Nxc4 Rxc5 34.Bf1 dxc4
35.Bxc4 Ra5 36.Kg2 Re5 37.e4 Ra5 38.Rc3 Ra8 39.Be2 Qb7 40.Qc5 Rd8 41.Qxc6 
Qb2 42.Kf2 Qa1 43.Rd3 Rxd3 44.Qc8+ Kh7 45.Bxd3 Qxa3 46.Qf5+ Kg8 47.Qc8+ 
Kh7 48.Qf5+ Kg8 49.Qc8+ 1/2-1/2

[Event "interzonal"]
[Site "Biel SUI"]
[Date "1993.??.??"]
[Round "6"]
[White "Wolff, Patrick"]
[Black "Sokolov, Ivan"]
[Result "1/2-1/2"]
[WhiteElo "2585"]
[BlackElo "2640"]
[EventDate "1993.07.15"]
[PlyCount "103"]

1.e4 e5 2.Nf3 Nc6 3.Bb5 Nge7 4.O-O g6 5.c3 Bg7 6.d4 exd4 7.cxd4 d5 8.exd5 
Nxd5 9.Bxc6+ bxc6 10.Bg5 Qd6 11.Re1+ Be6 12.Nbd2 O-O 13.Ne4 Qb4 14.Qc1 
Rfe8 15.h3 Rab8 16.b3 Bf5 17.Bd2 Qb6 18.Nc5 h5 19.Ne5 Rbd8 20.Qa3 Re7 21.
Rac1 Rde8 22.Qb2 Qb5 23.a4 Qb6 24.b4 f6 25.Nc4 Rxe1+ 26.Bxe1 Qb8 27.Na5 
Nf4 28.Rd1 Qd8 29.Qb3+ Kh7 30.Nxc6 Qd6 31.d5 Nxd5 32.Bc3 Qxc6 33.Qxd5 Qxd5
34.Rxd5 Re2 35.Na6 Rc2 36.Rc5 Bd7 37.Bxf6 Bxa4 38.Bxg7 Kxg7 39.Nxc7 Rxc5 
40.Ne6+ Kf6 41.Nxc5 Bc6 42.f4 Ke7 43.Kf2 Kd6 44.Nd3 Be4 45.Ne5 Kd5 46.g4 
hxg4 47.hxg4 g5 48.Ke3 Bh7 49.b5 gxf4+ 50.Kxf4 Kc5 51.Nc6 a6 52.bxa6 
1/2-1/2

[Event "interzonal"]
[Site "Biel SUI"]
[Date "1993.??.??"]
[Round "6"]
[White "Van der Sterren, Paul"]
[Black "Shirov, Alexei"]
[Result "1/2-1/2"]
[WhiteElo "2525"]
[BlackElo "2685"]
[EventDate "1993.07.15"]
[PlyCount "38"]

1.d4 d5 2.c4 c6 3.Nf3 Nf6 4.Nc3 a6 5.e3 b5 6.b3 Bg4 7.h3 Bxf3 8.gxf3 Nbd7 
9.f4 bxc4 10.bxc4 dxc4 11.Bxc4 e6 12.Bd2 Bb4 13.O-O O-O 14.Ne4 a5 15.Bxb4 
axb4 16.Nxf6+ Nxf6 17.Qf3 Nd5 18.Rfc1 Ra5 19.Rab1 Qd6 1/2-1/2

[Event "interzonal"]
[Site "Biel SUI"]
[Date "1993.??.??"]
[Round "6"]
[White "Kortschnoj, Viktor"]
[Black "Seirawan, Yasser"]
[Result "1/2-1/2"]
[WhiteElo "2625"]
[BlackElo "2575"]
[EventDate "1993.07.15"]
[PlyCount "43"]

1.d4 d5 2.c4 dxc4 3.Nf3 a6 4.e4 b5 5.a4 Bb7 6.axb5 axb5 7.Rxa8 Bxa8 8.Nc3 
e6 9.Nxb5 Bxe4 10.Bxc4 Bb4+ 11.Ke2 Ne7 12.Bf4 Ba5 13.Qa4 Nbc6 14.Nd2 Bd5 
15.Nb3 O-O 16.Nxa5 Nxa5 17.Bd3 c6 18.Nc7 Nb3 19.Rd1 c5 20.dxc5 Nxc5 21.Qc2
Nxd3 22.Rxd3 1/2-1/2

[Event "interzonal"]
[Site "Biel SUI"]
[Date "1993.??.??"]
[Round "6"]
[White "Arencibia Rodriguez, Walter"]
[Black "Hubner, Robert"]
[Result "0-1"]
[WhiteElo "2485"]
[BlackElo "2605"]
[EventDate "1993.07.15"]
[PlyCount "74"]

1.e4 e5 2.Nc3 Bc5 3.g3 Nf6 4.Bg2 O-O 5.Nge2 Nc6 6.O-O Nd4 7.Nxd4 exd4 8.e5
dxc3 9.exf6 Qxf6 10.bxc3 Re8 11.d4 Bf8 12.Re1 Rxe1+ 13.Qxe1 Qd8 14.c4 d6 
15.h4 c6 16.Bg5 Qc7 17.Rb1 Bf5 18.Qb4 b6 19.Qa4 Rc8 20.Re1 Qd7 21.c3 Be6 
22.Qa6 d5 23.cxd5 cxd5 24.Re3 Rc4 25.Bf1 Ra4 26.Qe2 Ra3 27.Qb2 Qa4 28.Rxe6
Rxa2 29.Rxb6 axb6 30.Qxb6 Ra1 31.Kg2 Qc2 32.Qb5 Qe4+ 33.Kg1 Rb1 34.Qa6 Qe1
35.Qd3 Rd1 36.Qb5 Qxc3 37.Be3 Qc4 0-1

[Event "interzonal"]
[Site "Biel SUI"]
[Date "1993.??.??"]
[Round "6"]
[White "Hellers, Ferdinand"]
[Black "Kakagaldiev, Amanmurad"]
[Result "1/2-1/2"]
[WhiteElo "2560"]
[BlackElo "2465"]
[EventDate "1993.07.15"]
[PlyCount "125"]

1.e4 g6 2.d4 Bg7 3.Nc3 d6 4.f4 Nf6 5.Nf3 O-O 6.Bd3 c5 7.dxc5 dxc5 8.e5 Nd5
9.Nxd5 Qxd5 10.Qe2 Nc6 11.c3 Bg4 12.Be4 Qd7 13.Be3 Qc7 14.h3 Bd7 15.h4 h5 
16.Ng5 Bh6 17.O-O-O Bg4 18.Bf3 Bxf3 19.Qxf3 Rad8 20.Qe4 Nd4 21.Bxd4 cxd4 
22.Rxd4 Rxd4 23.Qxd4 Rd8 24.Qe4 Bxg5 25.hxg5 Qd7 26.Rf1 Qd2+ 27.Kb1 e6 28.
a4 b6 29.Ka2 Rd3 30.Re1 Rd5 31.Re2 Qd1 32.Re1 Qd2 33.g3 Qf2 34.Qe3 Qc2 35.
Ka3 Rd2 36.Rb1 Rd3 37.Qg1 Rxg3 38.Qxg3 Qxb1 39.Qf3 Kg7 40.Qb7 Qa1+ 41.Kb3 
Qd1+ 42.Ka3 h4 43.f5 gxf5 44.Qe7 Qa1+ 45.Kb3 Qd1+ 46.Ka3 Qg4 47.Qf6+ Kg8 
48.Qd8+ Kg7 49.Qf6+ Kg8 50.Qd8+ Kh7 51.Qf6 Qh5 52.g6+ Qxg6 53.Qxh4+ Kg7 
54.b4 Qh6 55.Qg3+ Kf8 56.Qd3 f4 57.Kb3 Qg5 58.Qe4 Qg3 59.Qh7 f3 60.Qh8+ 
Qg8 61.Qf6 Qg2 62.Qh8+ Qg8 63.Qf6 1/2-1/2

[Event "interzonal"]
[Site "Biel SUI"]
[Date "1993.??.??"]
[Round "6"]
[White "Frolov, Artur"]
[Black "Gluckman, David"]
[Result "1-0"]
[WhiteElo "2535"]
[BlackElo "2330"]
[EventDate "1993.07.15"]
[PlyCount "69"]

1.e4 Nf6 2.e5 Nd5 3.d4 d6 4.Nf3 g6 5.Bc4 c6 6.Nc3 Nxc3 7.bxc3 Bg7 8.O-O 
O-O 9.Qe2 Bg4 10.Re1 d5 11.Bd3 Nd7 12.h3 Bxf3 13.Qxf3 e6 14.a4 Rc8 15.Ba3 
Re8 16.Reb1 b5 17.axb5 c5 18.Qe3 Qc7 19.f4 Bf8 20.g4 Rb8 21.Kh1 Rb6 22.f5 
exf5 23.gxf5 c4 24.fxg6 hxg6 25.Be2 Qb7 26.Bf3 a6 27.Bxf8 Nxf8 28.Rg1 axb5
29.Qh6 Rd8 30.Rg4 f5 31.Rh4 Qg7 32.Ra7 Qxh6 33.Rxh6 b4 34.cxb4 Rxb4 35.e6 
1-0

[Event "interzonal"]
[Site "Biel SUI"]
[Date "1993.??.??"]
[Round "7"]
[White "Georgiev, Kiril"]
[Black "Piket, Jeroen"]
[Result "1/2-1/2"]
[WhiteElo "2660"]
[BlackElo "2590"]
[EventDate "1993.07.15"]
[PlyCount "85"]

1.e4 e5 2.Nf3 Nc6 3.Bb5 a6 4.Ba4 Nf6 5.O-O Nxe4 6.d4 Be7 7.Re1 b5 8.Bb3 d5
9.dxe5 Be6 10.c3 O-O 11.Nbd2 Nc5 12.Bc2 d4 13.cxd4 Nxd4 14.Nxd4 Qxd4 15.
Qe2 Rad8 16.Nf3 Qc4 17.Be3 Qxe2 18.Rxe2 Bc4 19.Rd2 Ne6 20.Bb3 Bxb3 21.axb3
Bb4 22.Rxd8 Rxd8 23.Kf1 Rd3 24.Rxa6 h6 25.Rc6 Kf8 26.Rc2 Rxb3 27.Ke2 c5 
28.Nd2 Bxd2 29.Kxd2 Ke7 30.Kc1 c4 31.Rd2 c3 32.bxc3 Rxc3+ 33.Kb2 Rc4 34.
Rd6 f5 35.g3 g5 36.Rb6 f4 37.Rb7+ Ke8 38.gxf4 gxf4 39.Bd2 Re4 40.Rxb5 Re2 
41.Kc3 Rxf2 42.h4 Rh2 43.Rb6 1/2-1/2

[Event "interzonal"]
[Site "Biel SUI"]
[Date "1993.??.??"]
[Round "7"]
[White "Barua, Dibyendu"]
[Black "Gulko, Boris"]
[Result "0-1"]
[WhiteElo "2510"]
[BlackElo "2635"]
[EventDate "1993.07.15"]
[PlyCount "72"]

1.e4 e6 2.d4 d5 3.exd5 exd5 4.Bd3 Nf6 5.h3 c5 6.c3 Nc6 7.Nf3 c4 8.Bc2 Bd6 
9.O-O Be6 10.Ng5 Bd7 11.f4 O-O 12.Nf3 Ne7 13.Ne5 Bf5 14.Nd2 Bxc2 15.Qxc2 
Nh5 16.Qd1 Ng3 17.Rf3 Ngf5 18.Nf1 f6 19.Ng4 Qd7 20.Bd2 Ng6 21.g3 Rae8 22.
Qc2 Re2 23.Re1 Rxe1 24.Bxe1 Re8 25.Nge3 Nxe3 26.Rxe3 Rxe3 27.Nxe3 Qxh3 28.
Qa4 h5 29.Qe8+ Kh7 30.Bf2 Bxf4 31.gxf4 Nxf4 32.Be1 Ne2+ 33.Kf2 Qh2+ 34.Kf1
Nf4 35.Bf2 Qh1+ 36.Bg1 Qf3+ 0-1

[Event "interzonal"]
[Site "Biel SUI"]
[Date "1993.??.??"]
[Round "7"]
[White "Nalbandian, Tigran"]
[Black "Topalov, Veselin"]
[Result "1-0"]
[WhiteElo "2485"]
[BlackElo "2650"]
[EventDate "1993.07.15"]
[PlyCount "43"]

1.d4 f5 2.Bg5 g6 3.e4 fxe4 4.Nc3 Bg7 5.Nxe4 d5 6.Nc5 b6 7.Nb3 Nh6 8.h4 Nf7
9.Nh3 Qd6 10.Qd2 e5 11.O-O-O Nxg5 12.hxg5 e4 13.Qf4 Bf8 14.g3 c6 15.f3 
Bxh3 16.Bxh3 Qxf4+ 17.gxf4 Bd6 18.f5 Bf4+ 19.Kb1 gxf5 20.Bxf5 e3 21.Rdg1 
Kf8 22.g6 1-0

[Event "interzonal"]
[Site "Biel SUI"]
[Date "1993.??.??"]
[Round "7"]
[White "Kakagaldiev, Amanmurad"]
[Black "Bagaturov, Giorgi"]
[Result "0-1"]
[WhiteElo "2465"]
[BlackElo "2495"]
[EventDate "1993.07.15"]
[PlyCount "116"]

1.d4 Nf6 2.c4 g6 3.Nc3 Bg7 4.e4 d6 5.Nf3 O-O 6.Be2 e5 7.O-O Nc6 8.Be3 Ng4 
9.Bg5 f6 10.Bh4 g5 11.Bg3 Nh6 12.d5 Ne7 13.Ne1 f5 14.f3 Ng6 15.Nd3 Nf4 16.
exf5 Nxf5 17.Bf2 Nxe2+ 18.Nxe2 Nh6 19.h3 Nf5 20.Qd2 Qf6 21.Nc3 Bh6 22.Ne4 
Qg6 23.Qe1 Bg7 24.Qd2 h6 25.Rac1 Ne7 26.Rce1 Bd7 27.Be3 b6 28.g4 Kh8 29.
Re2 Qh7 30.Rh2 Ng6 31.Ne1 Nh4 32.Qd3 Be8 33.Bf2 Ng6 34.Ng2 Bd7 35.h4 gxh4 
36.Nxh4 Nxh4 37.Bxh4 Qg6 38.Qe3 Rf4 39.Bg3 Bxg4 40.Bxf4 exf4 41.Qxf4 Bxf3+
42.Ng3 Rf8 43.Qxf8+ Bxf8 44.Rxf3 Bg7 45.b3 b5 46.cxb5 Qb1+ 47.Kg2 Qxa2+ 
48.Kh3 Qb1 49.Re2 Be5 50.Rg2 Qd1 51.Rf8+ Kg7 52.Rc8 Qf3 53.Rxc7+ Kg6 54.
Rc4 h5 55.Rh4 Kf7 56.Kh2 Qxd5 57.Ra4 Ke6 58.Kh3 Bxg3 0-1

[Event "interzonal"]
[Site "Biel SUI"]
[Date "1993.??.??"]
[Round "8"]
[White "Gulko, Boris"]
[Black "Shirov, Alexei"]
[Result "1/2-1/2"]
[WhiteElo "2635"]
[BlackElo "2685"]
[EventDate "1993.07.15"]
[PlyCount "23"]

1.d4 d5 2.c4 c6 3.Nf3 Nf6 4.Nc3 a6 5.Qb3 e6 6.Bg5 dxc4 7.Qxc4 b5 8.Qd3 c5 
9.Bxf6 gxf6 10.e3 Bb7 11.dxc5 Bxc5 12.Qxd8+ 1/2-1/2

[Event "interzonal"]
[Site "Biel SUI"]
[Date "1993.??.??"]
[Round "8"]
[White "Ehlvest, Jaan"]
[Black "Pigusov, Evgeny"]
[Result "1/2-1/2"]
[WhiteElo "2620"]
[BlackElo "2585"]
[EventDate "1993.07.15"]
[PlyCount "136"]

1.d4 d5 2.c4 e6 3.Nc3 Be7 4.Nf3 Nf6 5.Bg5 h6 6.Bh4 O-O 7.e3 b6 8.Be2 dxc4 
9.Bxc4 Bb7 10.Qb3 Nbd7 11.Rd1 Nh5 12.Bg3 Nxg3 13.hxg3 Bd6 14.d5 exd5 15.
Nxd5 b5 16.Be2 a6 17.Nh4 Re8 18.Nf5 Re5 19.Nxd6 cxd6 20.Bf3 Nc5 21.Qb4 a5 
22.Qh4 b4 23.Rd2 Kf8 24.Qd4 Ne6 25.Qb6 Bxd5 26.Qxd8+ Rxd8 27.Bxd5 Nc7 28.
Bb3 Rc5 29.Rh4 Ne6 30.Ke2 Ke7 31.Rh1 Rb8 32.Rhd1 Rb6 33.Rd5 Rxd5 34.Bxd5 
Rb5 35.Bb3 Rc5 36.g4 Nc7 37.e4 Na8 38.Rd4 Nb6 39.f3 Rc1 40.Rd2 Ra1 41.Rd1 
Rxd1 42.Bxd1 f6 43.Kd3 Kd7 44.Kd4 g5 45.Bb3 Kc6 46.g3 Kd7 47.Bd1 Kc7 48.f4
Kc6 49.b3 Kd7 50.Be2 Kc6 51.Bf1 Kd7 52.Bd3 Kc6 53.Bc2 Kb5 54.Bd1 Kc6 55.
Be2 Kd7 56.Bb5+ Ke7 57.Bd3 Ke6 58.Bc2 Kd7 59.e5 fxe5+ 60.fxe5 dxe5+ 61.Kc5
Kc7 62.Bf5 Nd7+ 63.Kd5 Nb6+ 64.Kxe5 Kc6 65.Be4+ Kc5 66.Bb7 a4 67.bxa4 Nxa4
68.Bd5 Nc3 1/2-1/2

[Event "interzonal"]
[Site "Biel SUI"]
[Date "1993.??.??"]
[Round "8"]
[White "Kortschnoj, Viktor"]
[Black "Lobron, Eric"]
[Result "0-1"]
[WhiteElo "2625"]
[BlackElo "2575"]
[EventDate "1993.07.15"]
[PlyCount "96"]

1.d4 d5 2.c4 e6 3.Nc3 c6 4.Nf3 dxc4 5.a4 Bb4 6.e3 b5 7.Bd2 a5 8.axb5 Bxc3 
9.Bxc3 cxb5 10.b3 Bb7 11.bxc4 b4 12.Bb2 Nf6 13.c5 O-O 14.Ne5 Qc7 15.Qa4 
Rd8 16.Rc1 Nc6 17.Nc4 Ne7 18.Nb6 Ra7 19.f3 Nfd5 20.Nxd5 exd5 21.c6 Bxc6 
22.Bb5 Rd6 23.O-O Qd7 24.Rc5 Bxb5 25.Rxb5 f5 26.Ra1 Nc6 27.Rc5 Qe6 28.e4 
fxe4 29.fxe4 Rf7 30.h3 Qf6 31.Qc2 Nxd4 32.Rc8+ Rf8 33.Rxf8+ Kxf8 34.Qd3 
dxe4 35.Qxe4 Kg8 36.Rc1 Rd8 37.Rd1 Nf3+ 38.Qxf3 Rxd1+ 39.Qxd1 Qxb2 40.Qd5+
Kf8 41.Qd8+ Kf7 42.Qd7+ Kf6 43.Qd6+ Kf7 44.Qd7+ Kf6 45.Qd8+ Ke6 46.Qb6+ 
Kd5 47.Qxa5+ Kc4 48.Qa6+ Kc3 0-1

[Event "interzonal"]
[Site "Biel SUI"]
[Date "1993.??.??"]
[Round "8"]
[White "Gurevich, Ilya"]
[Black "Illescas Cordoba, Miguel"]
[Result "0-1"]
[WhiteElo "2575"]
[BlackElo "2625"]
[EventDate "1993.07.15"]
[PlyCount "72"]

1.e4 c5 2.Nf3 Nc6 3.d4 cxd4 4.Nxd4 Nf6 5.Nc3 e5 6.Ndb5 d6 7.Bg5 a6 8.Na3 
b5 9.Bxf6 gxf6 10.Nd5 Bg7 11.Bd3 Ne7 12.Nxe7 Qxe7 13.O-O O-O 14.c4 f5 15.
Qf3 bxc4 16.Nxc4 d5 17.exd5 e4 18.Qe3 Bb7 19.d6 Qf6 20.Bc2 f4 21.Qh3 Rac8 
22.b3 Qg5 23.Rad1 f5 24.b4 Kh8 25.Bb3 Bc6 26.d7 Rcd8 27.Rd6 Bxd7 28.Rfd1 
Qe7 29.Nb6 Be6 30.Rxd8 Rxd8 31.Nd5 Bxd5 32.Bxd5 e3 33.fxe3 fxe3 34.Qf3 e2 
35.Re1 Qxb4 36.Rxe2 Bd4+ 0-1

[Event "interzonal"]
[Site "Biel SUI"]
[Date "1993.??.??"]
[Round "8"]
[White "Seirawan, Yasser"]
[Black "Gurevich, Mikhail"]
[Result "1-0"]
[WhiteElo "2575"]
[BlackElo "2605"]
[EventDate "1993.07.15"]
[PlyCount "123"]

1.c4 Nf6 2.Nc3 e5 3.Nf3 Nc6 4.g3 d5 5.cxd5 Nxd5 6.Bg2 Nb6 7.O-O Be7 8.a3 
O-O 9.b4 Be6 10.Rb1 f6 11.d3 Nd4 12.Be3 c5 13.Ne4 Nxf3+ 14.Bxf3 cxb4 15.
Nc5 Bxc5 16.Bxc5 Rf7 17.Bxb6 axb6 18.axb4 Qd4 19.Qc1 Bg4 20.Bxg4 Qxg4 21.
Qb2 Rc7 22.Rbc1 Rac8 23.Rxc7 Rxc7 24.Ra1 Kf7 25.f3 Qd7 26.g4 Kg6 27.Kf2 
Qd6 28.Kg2 Qc6 29.b5 Qc2 30.Rb1 Kf7 31.Kf2 Qxb2 32.Rxb2 Rc5 33.Ke3 Ke6 34.
Kd2 Kd6 35.Rb4 g6 36.e3 Kd5 37.h4 h5 38.gxh5 gxh5 39.f4 Rc8 40.fxe5 fxe5 
41.Ra4 Rg8 42.Rc4 Kd6 43.e4 Rg2+ 44.Ke3 Rb2 45.Rc8 Rxb5 46.Rh8 Rb2 47.Rh6+
Kd7 48.Rxh5 Kd6 49.Rh6+ Kd7 50.Rh7+ Kd6 51.Rxb7 Kc6 52.Re7 Kd6 53.Rh7 Rh2 
54.Rh6+ Kd7 55.Kf3 b5 56.Kg4 Kc7 57.Re6 Rd2 58.Rxe5 Kc6 59.h5 Rxd3 60.h6 
Rd8 61.Rh5 b4 62.h7 1-0

[Event "interzonal"]
[Site "Biel SUI"]
[Date "1993.??.??"]
[Round "8"]
[White "Ftacnik, Lubomir"]
[Black "Smirin, Ilia"]
[Result "0-1"]
[WhiteElo "2535"]
[BlackElo "2640"]
[EventDate "1993.07.15"]
[PlyCount "116"]

1.d4 Nf6 2.c4 g6 3.Nc3 Bg7 4.e4 d6 5.Nf3 O-O 6.Be2 e5 7.O-O Nc6 8.d5 Ne7 
9.Ne1 Ne8 10.Be3 f5 11.f3 f4 12.Bf2 g5 13.a4 h5 14.a5 Ng6 15.b4 Nf6 16.c5 
g4 17.cxd6 cxd6 18.Nb5 g3 19.hxg3 fxg3 20.Bxg3 a6 21.Na3 h4 22.Bf2 Nh5 23.
f4 Nhxf4 24.Nc4 Qg5 25.Bf3 Nh3+ 26.Kh1 Nxf2+ 27.Rxf2 Qg3 28.Nd3 h3 29.Qg1 
Nf4 30.Ra3 Bd7 31.Nxf4 exf4 32.e5 dxe5 33.Be4 Qh4 34.gxh3 f3 35.Nd2 Bxh3 
36.Qh2 Bg2+ 37.Kg1 Qxh2+ 38.Kxh2 Rf4 39.d6 Rd8 40.Bd5+ Kf8 41.Bxf3 Bxf3 
42.Raxf3 Rxd6 43.Rxf4+ exf4 44.Rxf4+ Ke7 45.Nc4 Rd4 46.Kg3 Ke6 47.Rxd4 
Bxd4 48.Kf4 Kd5 49.Na3 Bb2 50.Nc2 Kc4 51.Ke4 Bc3 52.Ne3+ Kxb4 53.Kd3 Be5 
54.Nc4 Bc7 55.Kd4 Bxa5 56.Nd6 b5 57.Kd3 Kb3 58.Ne4 Bb4 0-1

[Event "interzonal"]
[Site "Biel SUI"]
[Date "1993.??.??"]
[Round "8"]
[White "Agdestein, Simen"]
[Black "Spasov, Vasil"]
[Result "0-1"]
[WhiteElo "2610"]
[BlackElo "2540"]
[EventDate "1993.07.15"]
[PlyCount "146"]

1.d4 Nf6 2.Nf3 g6 3.Bf4 Bg7 4.e3 O-O 5.c4 d6 6.h3 c5 7.Nc3 cxd4 8.exd4 Nc6
9.Be2 d5 10.O-O Bf5 11.c5 Ne4 12.Rc1 Re8 13.Re1 Rc8 14.Bb5 Qa5 15.Ba4 Nxc3
16.Rxc3 Qb4 17.a3 Qxb2 18.Rb3 Qc2 19.Rxb7 Qxd1 20.Rxd1 f6 21.Bxc6 Rxc6 22.
Rxa7 e5 23.Be3 Rd8 24.a4 Be4 25.a5 Bxf3 26.gxf3 Bf8 27.Rc1 Rb8 28.Rd7 exd4
29.Bxd4 Ra8 30.Rb1 Bxc5 31.Rc1 Rd6 32.Rxd6 Bxd6 33.Rc6 Be5 34.Bb6 Kf7 35.
Kf1 Ke7 36.Ke2 Kd7 37.Rc5 Kd6 38.Kd3 h5 39.Rc7 g5 40.Rc2 h4 41.Bc5+ Kd7 
42.Ra2 Kc6 43.Be3 Kb5 44.Bd2 Ra6 45.Ra3 Rc6 46.Rb3+ Ka6 47.f4 gxf4 48.Ke2 
Re6 49.Kf3 Rc6 50.Rd3 Rc5 51.Kg4 d4 52.Kxh4 Rc2 53.Kg4 Kb5 54.Be1 Rc1 55.
Bd2 Rd1 56.Rb3+ Kc4 57.Rb2 Kd3 58.Bxf4 Ra1 59.Rb5 Kc4 60.Bxe5 Kxb5 61.Bf4 
d3 62.Be3 Ra2 63.Kf3 Rxa5 64.Bd2 Ra4 65.Ke3 Kc4 66.h4 Ra1 67.Kf3 Rd1 68.
Bf4 Rh1 69.Kg4 Kc3 70.h5 d2 71.Bxd2+ Kxd2 72.Kf5 Rxh5+ 73.Kxf6 Kd3 0-1

[Event "interzonal"]
[Site "Biel SUI"]
[Date "1993.??.??"]
[Round "8"]
[White "Hjartarson, Johann"]
[Black "Barua, Dibyendu"]
[Result "0-1"]
[WhiteElo "2605"]
[BlackElo "2510"]
[EventDate "1993.07.15"]
[PlyCount "122"]

1.e4 e5 2.Nf3 Nf6 3.Nxe5 d6 4.Nf3 Nxe4 5.d4 d5 6.Bd3 Be7 7.O-O Nc6 8.c4 
Nb4 9.Be2 dxc4 10.Bxc4 O-O 11.Re1 Bf5 12.a3 Nd6 13.Bb3 Nd3 14.Re3 Nxc1 15.
Qxc1 Bf6 16.Nc3 c6 17.d5 Rc8 18.dxc6 Rxc6 19.Ne5 Rc5 20.Qe1 Rxe5 21.Rxe5 
Qb6 22.Rd5 Qxb3 23.Rxd6 Qxb2 24.Nd5 Be5 25.Ne7+ Kh8 26.Nxf5 Qxa1 27.Qxa1 
Bxa1 28.Rd7 g6 29.Nd6 Kg7 30.g3 Bd4 31.Nxb7 Bb6 32.a4 Rc8 33.Nd6 Rc1+ 34.
Kg2 Kf6 35.Ne4+ Ke6 36.Rb7 h6 37.a5 Bd4 38.Rb4 Kd5 39.f3 Rc2+ 40.Kf1 f5 
41.Rb5+ Ke6 42.Rb4 Kd5 43.Rb5+ Kc4 44.Nd6+ Kc3 45.Rb7 Rf2+ 46.Ke1 a6 47.g4
Rxf3 48.gxf5 gxf5 49.Rf7 Kd3 50.Rxf5 Bc3+ 51.Kd1 Rxf5 52.Nxf5 h5 53.Ng3 h4
54.Nf5 h3 55.Ng3 Bxa5 56.Ne2 Bd2 57.Ng1 a5 58.Nf3 Bf4 59.Ng1 a4 60.Nf3 a3 
61.Ne1+ Kc3 0-1

[Event "interzonal"]
[Site "Biel SUI"]
[Date "1993.??.??"]
[Round "8"]
[White "Dvoirys, Semen"]
[Black "Kakagaldiev, Amanmurad"]
[Result "1/2-1/2"]
[WhiteElo "2590"]
[BlackElo "2465"]
[EventDate "1993.07.15"]
[PlyCount "51"]

1.e4 g6 2.d4 Bg7 3.Nf3 d6 4.h3 Nf6 5.Nc3 O-O 6.Be3 c6 7.Bd3 Nbd7 8.O-O Qc7
9.Qd2 e5 10.Bh6 Re8 11.Bxg7 Kxg7 12.Rfe1 Nf8 13.Rad1 b5 14.Ne2 a6 15.c3 c5
16.d5 c4 17.Bc2 N8d7 18.Ng3 Nc5 19.Nh4 Qd8 20.Qg5 Ng8 21.Nhf5+ Bxf5 22.
Nxf5+ Kf8 23.Qxd8 Rexd8 24.Ne3 Nf6 25.Nf1 Nfd7 26.Nd2 1/2-1/2

[Event "interzonal"]
[Site "Biel SUI"]
[Date "1993.??.??"]
[Round "9"]
[White "Shirov, Alexei"]
[Black "Epishin, Vladimir"]
[Result "1/2-1/2"]
[WhiteElo "2685"]
[BlackElo "2655"]
[EventDate "1993.07.15"]
[PlyCount "139"]

1.d4 Nf6 2.c4 e6 3.Nf3 b6 4.a3 Bb7 5.Nc3 d5 6.cxd5 exd5 7.g3 Be7 8.Bg2 O-O
9.O-O Nbd7 10.Bf4 c5 11.Qc2 Rc8 12.Rad1 Ne4 13.dxc5 Rxc5 14.Be3 Rc7 15.Bd4
Bf6 16.Qc1 Nxc3 17.bxc3 Nc5 18.Ne5 Qe7 19.Ng4 Bxd4 20.cxd4 Ne4 21.Qb2 Nd6 
22.Ne3 Nc4 23.Nxc4 Rxc4 24.Rc1 Rfc8 25.Rfd1 Qc7 26.Rxc4 Qxc4 27.Bf3 Qc2 
28.Rb1 Qxb2 29.Rxb2 Kf8 30.e3 Rc1+ 31.Kg2 Ke7 32.Be2 Bc6 33.Kf3 Rc3 34.Ra2
Ba4 35.Bf1 Kd6 36.Ra1 a5 37.Ke2 Bb3 38.Ke1 a4 39.Bb5 Rc2 40.Bd3 Rb2 41.Rc1
Ra2 42.Bb5 Rxa3 43.Rc6+ Ke7 44.Rxb6 Ra1+ 45.Kd2 Ra2+ 46.Kc3 Rxf2 47.Rb7+ 
Kd6 48.Be8 Re2 49.Rd7+ Ke6 50.Rxf7 Rxe3+ 51.Kd2 Re4 52.Kc3 Re2 53.Rxg7 
Rxh2 54.Kb4 Kf5 55.Bxa4 Bxa4 56.Kxa4 Ke4 57.Rg4+ Kd3 58.Kb5 Rc2 59.Rh4 Rc7
60.Kb6 Rc4 61.g4 Kxd4 62.Rxh7 Rc8 63.g5 Rg8 64.Rh4+ Ke5 65.Kc5 Rc8+ 66.Kb4
d4 67.g6 d3 68.g7 d2 69.Rh1 Rg8 70.Kc3 1/2-1/2

[Event "interzonal"]
[Site "Biel SUI"]
[Date "1993.??.??"]
[Round "9"]
[White "Smirin, Ilia"]
[Black "Wolff, Patrick"]
[Result "0-1"]
[WhiteElo "2640"]
[BlackElo "2585"]
[EventDate "1993.07.15"]
[PlyCount "74"]

1.e4 c5 2.Nf3 d6 3.d4 cxd4 4.Nxd4 Nf6 5.Nc3 a6 6.Be3 e5 7.Nf3 Be7 8.Bc4 
O-O 9.O-O Nc6 10.Qe2 Na5 11.Bb3 h6 12.Rfd1 Nxb3 13.axb3 Qe8 14.h3 Be6 15.
Nd5 Nxd5 16.exd5 Bd7 17.Nd2 f5 18.f4 Bf6 19.Qf2 g5 20.fxe5 Bxe5 21.Bd4 Qg6
22.Bxe5 dxe5 23.Nc4 Rae8 24.Qa7 g4 25.hxg4 f4 26.Qxb7 Qxg4 27.Rf1 e4 28.
Rae1 Rf6 29.Ne3 Qg7 30.Re2 Rf7 31.Nc4 f3 32.Ref2 Bh3 33.Qc6 Rc8 34.Qxa6 
fxg2 35.Re1 Rxf2 36.Kxf2 Rf8+ 37.Ke2 Rf1 0-1